Score 0/7 Timer 03:00
0 Plays Today
% Correct
Orinoco
81.8%
Uncle Bulgaria
75.5%
Tomsk
69.1%
Wellington
63.6%
Tobermory
59.1%
Madame Cholet
58.2%
Bungo
53.6%
Remove Ads.
Support Sporcle.
Get the best of Sporcle when you Go Orange. This ad-free experience offers more features, more stats, and more fun while also helping to support Sporcle. Thank you for becoming a member.

You're not logged in!

Compare scores with friends on all Sporcle quizzes.
OR
Log In

Show Comments

Extras

Created Nov 10, 2010SourceReportNominate
Tags:Womble

Top Quizzes Today


Score Distribution

Your Account Isn't Verified!

In order to create a playlist on Sporcle, you need to verify the email address you used during registration. Go to your Sporcle Settings to finish the process.

Report this User

Report this user for behavior that violates our Community Guidelines.

Details: